| 000 | 00668nam a2200205Ia 4500 | ||
|---|---|---|---|
| 003 | GCL | ||
| 008 | 140319s9999 xx 000 0 ara d | ||
| 040 |
_aGCL / _cGCL |
||
| 082 | 0 | 4 |
_a237 _bص ر |
| 100 | 1 | _aمحمد عبدالقادر احمد عطا | |
| 245 | 1 | 0 |
_aرسالة فى الاحاديث الموصوعية / _cمحمد عبدالقادر احمد عطا |
| 700 | 1 | _aالصاغاتى , رضى الدين ابوالفضا | |
| 260 |
_a[S.N] : _bمكتبة النهضة المصرية ، _c1990 |
||
| 300 | _a150 ص | ||
| 490 | _a | ||
| 650 | 0 | 4 | _aالاسلام |
| 650 | 0 | 4 | _aالحديث |
| 650 | 0 | 4 | _aالحديث الموضوع |
| 942 |
_2ddc _cBK |
||
| 999 |
_c31950 _d31950 |
||